| 000 | 01041nam a2200229 i 4500 | ||
|---|---|---|---|
| 001 | 118760 | ||
| 003 | ES-MaACL | ||
| 005 | 20250605122936.0 | ||
| 007 | t| | ||
| 008 | 070214s1983 sp r ||||1| spa d | ||
| 100 | 1 |
_aPérez-Bustamante, Rogelio. _990685 |
|
| 245 | 1 | 3 |
_aEl Marqués de Santillana _b: biografía y documentación : estudio histórico / _cregistro documental y selección diplomática Rogelio Pérez Bustamante, José Manuel Calderón Ortega ; prólogo Rafael Lapesa Melgar. |
| 260 |
_aSantillana del Mar (Santander) : _bFundación Santillana, _c1983. |
||
| 300 |
_a397 p. ; _c21 cm. |
||
| 490 | 1 | _aFuentes documentales para la historia de Santillana | |
| 600 | 1 | 7 |
_aSantillana, Iñigo López de Mendoza, _cMarqués de, _d1398-1458- _vBiografías _2 _9132442 |
| 700 | 1 |
_aCalderón Ortega, José Manuel. _933624 |
|
| 700 | 0 |
_aLapesa, Rafael, _d1908-2001 _970146 |
|
| 830 | 0 |
_aFuentes documentales para la historia de Santillana _9183808 |
|
| 852 |
_aES-MaACL _jL-4300 _bR.105179 |
||
| 999 |
_c118760 _d118760 |
||